ヤマノススメ 楽曲 - Statistics

General Stats
  • This quiz has been taken 10 times
  • The average score is 6 of 17
Answer Stats
アーティスト名 楽曲名 % Correct
あおい (CV: 井口裕香), ひなた (CV: 阿澄佳奈) スタッカート・デイズ
78%
あおい (CV: 井口裕香),ひなた (CV: 阿澄佳奈),
かえで (CV: 日笠陽子), ここな (CV: 小倉唯)
夏色プレゼント
78%
あおい (CV: 井口裕香), ひなた (CV: 阿澄佳奈) 色違いの翼
67%
あおい (CV: 井口裕香), ひなた (CV: 阿澄佳奈) 毎日コハルビヨリ
56%
あおい (CV: 井口裕香),ひなた (CV: 阿澄佳奈), かえで (CV: 日笠陽子), ここな (CV: 小倉唯) 地平線ストライド
56%
あおい (CV: 井口裕香), ひなた (CV: 阿澄佳奈) 想いのち晴れ
56%
あおい (CV: 井口裕香) カタツムリまいんど
33%
あおい (CV: 井口裕香), ひなた (CV: 阿澄佳奈) 扉を開けてベルを鳴らそう
33%
小倉唯 Tinkling Smile
33%
ほのか (CV: 東山奈央) テンダー・ファインダー
22%
鳴海杏子 Cocoiro Rainbow
22%
(cover) あおい (CV: 井口裕香), ひなた (CV: 阿澄佳奈), かえで (CV: 日笠陽子), ここな (CV: 小倉唯) 岳人の歌
11%
あおい (CV: 井口裕香), ひなた (CV: 阿澄佳奈) おもいでクリエイターズ
11%
ひなた (CV: 阿澄佳奈) てっぺん目指し隊
11%
ここな (CV: 小倉唯) 野いちごガーランド
11%
あおい (CV: 井口裕香), ひなた (CV: 阿澄佳奈) はなうた*ステップ
11%
かえで (CV: 日笠陽子) 追い風ホイッスル
0%
No matching quizzes found
Score Distribution
Percent of People with Each Score
Percentile by Number Answered
Your Score History
You have not taken this quiz